Top 5 Europäische Länder - Meiste WM-Teilnahmen - Statistiken

Allgemein
  • Dieses Quiz wurde 157 mal gespielt
  • Das Durchschnittsergebnis liegt bei 4 aus 5
Antwortstatistiken
# Nation % Korrekt
20 Deutschland
100%
18 Italien
88%
16 England
71%
16 Frankreich
63%
16 Spanien
58%
Keine übereinstimmenden Quizze gefunden
Verteilung der Resultate
Anzahl Personen mit jedem Resultat
Perzentil nach korrekt beantworteten Fragen
Ihre Resultats-Entwicklung
Sie haben dieses Quiz noch nicht gespielt